000 00680nam a22002057a 4500
999 _c20324
_d20324
003 AR-CdUCM
008 190528b ||||| |||| 00| 0 spa d
040 _aMUNICIPALIDAD PROVINCIAL DEL CUSCO
_cBIBLIOTECA MUNICIPAL DEL CUSCO
082 _a541 /
_bD24
100 _aDaniels, Farrington
_942496
245 _aFísicoquímica /
260 _aMéxico, D.F :
_bEdit. Continental,
_c1964.
300 _a834 páginas ;
_bIlustraciones,
_c23 cm.
505 _aContenido: Introducción -- Gases -- Primera ley de la termodinámica...
650 _aFísica
_92382
650 _aCinética
_918809
650 _aElectromotriz
_942497
942 _2ddc
_cLIBROS
945 _adavv
_d2019-05-28